Girls' Top 100 Names - 1890s Quiz Stats

 Plays Quiz not verified by Sporcle

Challenge
Share
Tweet
Embed
Score 0/111 Timer 15:00
0 Plays Today
% Correct
Ann
95.2%
Anna
95.2%
Mary
95.2%
Elizabeth
88.1%
Margaret
88.1%
Alice
85.7%
Marie
85.7%
Annie
81%
Katherine
81%
Sarah
81%
Catherine
78.6%
Emma
78.6%
Laura
78.6%
Rose
78.6%
Helen
76.2%
Dorothy
73.8%
Ellen
73.8%
Emily
73.8%
Grace
73.8%
Caroline
71.4%
Charlotte
71.4%
Eva
71.4%
Julia
69%
Lucy
69%
Martha
69%
Evelyn
66.7%
Florence
66.7%
Rosa
66.7%
Ella
64.3%
Esther
64.3%
Frances
64.3%
Lillian
64.3%
Louise
64.3%
Maggie
64.3%
Ruth
64.3%
Ada
61.9%
Beatrice
61.9%
% Correct
Josephine
61.9%
Nora
61.9%
Theresa
61.9%
Clara
59.5%
Edith
59.5%
May
59.5%
Olive
59.5%
Cora
57.1%
Edna
57.1%
Eleanor
57.1%
Katie
57.1%
Lucille
57.1%
Nancy
57.1%
Bertha
54.8%
Gertrude
54.8%
Agnes
52.4%
Daisy
52.4%
Ethel
52.4%
Irene
52.4%
Mae
52.4%
Dora
50%
Flora
50%
Ida
50%
Mildred
50%
Ruby
50%
Stella
50%
Virginia
50%
Gladys
47.6%
Maud
47.6%
Pauline
47.6%
Marion
45.2%
Georgia
42.9%
Kathryn
42.9%
Lillie
42.9%
Mabel
42.9%
Viola
42.9%
Bessie
40.5%
% Correct
Beulah
40.5%
Jennie
40.5%
Lena
40.5%
Bernice
38.1%
Carrie
38.1%
Elsie
38.1%
Hattie
38.1%
Jessie
38.1%
Maude
38.1%
Myrtle
38.1%
Nellie
38.1%
Sallie
38.1%
Vera
38.1%
Addie
35.7%
Hazel
35.7%
Lydia
35.7%
Minnie
35.7%
Pearl
35.7%
Sadie
35.7%
Alma
33.3%
Effie
33.3%
Fannie
33.3%
Hilda
33.3%
Lottie
33.3%
Susie
33.3%
Blanche
31%
Mamie
31%
Marguerite
31%
Willie
31%
Mattie
28.6%
Thelma
28.6%
Della
23.8%
Etta
23.8%
Lula
23.8%
Leona
21.4%
Nettie
19%
Lizzie
16.7%

You're not logged in!

Compare scores with friends on all Sporcle quizzes.
OR
Log In

You Might Also Like...

Show Comments

Extras

Created Feb 20, 2017ReportNominate
Tags:100, 1890, girl, Top 100

Top Quizzes Today


Score Distribution

Your Account Isn't Verified!

In order to create a playlist on Sporcle, you need to verify the email address you used during registration. Go to your Sporcle Settings to finish the process.

Report this User

Report this user for behavior that violates our Community Guidelines.

Details: